| 000 | 00362nam a2200157Ia 4500 | ||
|---|---|---|---|
| 003 | OSt | ||
| 008 | 191201s2009 xx 000 0 und d | ||
| 082 |
_a080 _bCOA |
||
| 100 | _aCOELHO,Paulo | ||
| 245 | 0 | _aAlchemist | |
| 250 | _a46th IMP | ||
| 260 |
_aNew Delhi _bHarper Collins Publishers London _c2009 |
||
| 300 | _a155+MISC | ||
| 650 | _aBBA | ||
| 942 |
_2ddc _cBK |
||
| 999 |
_c4478 _d4478 |
||